Concrete Technology Theory and Practice (Record no. 6332)

MARC details
000 -LEADER
fixed length control field 00318nam a2200133Ia 4500
003 - CONTROL NUMBER IDENTIFIER
control field OSt
008 - FIXED-LENGTH DATA ELEMENTS--GENERAL INFORMATION
fixed length control field 191201s2012 xx 000 0 und d
100 ## - MAIN ENTRY--PERSONAL NAME
Personal name GAMBHIR, M.L.
245 #0 - TITLE STATEMENT
Title Concrete Technology Theory and Practice
260 ## - PUBLICATION, DISTRIBUTION, ETC. (IMPRINT)
Place of publication, distribution, etc N. delhi
Name of publisher, distributor, etc TMh
Date of publication, distribution, etc 2012
300 ## - PHYSICAL DESCRIPTION
Extent 716
650 ## - SUBJECT ADDED ENTRY--TOPICAL TERM
Topical term or geographic name as entry element B.Tech(CE)
942 ## - ADDED ENTRY ELEMENTS (KOHA)
Source of classification or shelving scheme Dewey Decimal Classification
Koha item type Text Books
942 ## - ADDED ENTRY ELEMENTS (KOHA)
-- 1
Holdings
Withdrawn status Lost status Source of classification or shelving scheme Damaged status Not for loan Collection code Home library Current library Date acquired Source of acquisition Cost, normal purchase price Bill Number Total Checkouts Acc. no. / Barcode Date last seen Actual Cost, discounted price Bill Date Koha item type Full call number Date last borrowed
    Dewey Decimal Classification     B.Tech(CE) PIET C-LIBRARY PIET C-LIBRARY 29/05/2015 PANKAJ BOOK DEPOT PANIPAT 350.00 AS390   26338 04/12/2019 234.50 25/05/2015 Text Books    
    Dewey Decimal Classification     B.Tech(CE) PIET C-LIBRARY PIET C-LIBRARY 15/06/2016 TMH 510.00 TCM/2016/10403 2 28340 27/12/2025 122.44 13/06/2016 Text Books 624.1834 GAC 24/12/2025
    Dewey Decimal Classification     B.Tech(CE) PIET C-LIBRARY PIET C-LIBRARY 15/06/2016 TMH 510.00 TCM/2016/10403 2 28341 11/02/2021 122.44 13/06/2016 Text Books 624.1834 GAC 02/02/2021
    Dewey Decimal Classification     B.Tech(CE) PIET C-LIBRARY PIET C-LIBRARY 15/06/2016 TMH 510.00 TCM/2016/10403   28342 04/12/2019 122.44 13/06/2016 Text Books 624.1834 GAC  
    Dewey Decimal Classification     B.Tech(CE) PIET C-LIBRARY PIET C-LIBRARY 15/06/2016 TMH 510.00 TCM/2016/10403 1 28343 06/01/2026 122.44 13/06/2016 Text Books 624.1834 GAC 24/12/2025

Design & Developed by: PIET Central Library
R70 Miles Stone Pattikalyana Samalkha Panipat 132102
mail ID :- [email protected], Phone No:- 0180-2569700 Ex.216